000 00867nam a2200205Ia 4500
003 Ost
005 20260507075639.0
008 260507s9999||||xx |||||||||||||| ||und||
040 _cfsecg
041 _aara
082 _a658.5
100 _aماضي، محمد توفيق
_eمؤلف
245 0 _aإدارة الإنتاج والعمليات /
_c محمد توفيق ماضي
260 _aالإسكندرية:
_bالدار الجامعية,
_c[د.ت.]
300 _a411 صفحة؛
_bإيضاحات ؛
_c24 سم
520 _aيتناول هذا الكتاب ادارة العمليات الإنتاجية وقرار موقع المشروع والترتيب الداخلي وكذا تخطيط وتصميم الإنتاج ورقابة الجودة
653 _aإدارة الإنتاج والعمليات
653 _aالإنتاجية
942 _cكتاب
999 _c45370
_d45370